Tradiciones malagueñas / (Record no. 149600)

MARC details
000 -LEADER
campo de control de longitud fija 00651nam a2200181 i 4500
001 - NÚMERO DE CONTROL
campo de control 149600
003 - IDENTIFICADOR DE NÚMERO DE CONTROL
campo de control ES-MaACL
007 - CAMPO FIJO DE DESCRIPCIÓN FÍSICA--INFORMACIÓN GENERAL
campo de control de longitud fija t|
008 - DATOS DE LONGITUD FIJA--INFORMACIÓN GENERAL
campo de control de longitud fija 071023s1947 sp ||||1| spa d
100 1# - ENTRADA PRINCIPAL--NOMBRE DE PERSONA
Nombre de persona Vázquez Otero, Diego.
9 (RLIN) 113467
245 10 - MENCIÓN DEL TÍTULO
Título Tradiciones malagueñas /
Mención de responsabilidad, etc. Diego Vázquez Otero.
260 ## - PUBLICACIÓN, DISTRIBUCIÓN, ETC.
Lugar de publicación, distribución, etc. Málaga :
Nombre del editor, distribuidor, etc. [s.n.],
Fecha de publicación, distribución, etc. 1947 (
Fabricante Tall. Gráf. de la Excma. Diputación Provincial)
300 ## - DESCRIPCIÓN FÍSICA
Extensión VI, 7-288 p., 14 h. de lám. ;
Dimensiones 16 cm.
490 1# - MENCIÓN DE SERIE
Mención de serie Publicaciones del Instituto de Cultura. Serie B ;
Designación de volumen o secuencia 3
830 0# - PUNTO DE ACCESO ADICIONAL DE SERIE-TÍTULO UNIFORME
Título uniforme Publicaciones del Instituto de Cultura. Serie B ;
Designación de volumen o secuencia 3
9 (RLIN) 185567
852 ## - LOCALIZACIÓN
Ubicación ES-MaACL
Número de control de estantería E-308
Sublocalización o colección R.26285
Holdings
Estatus retirado Estado de pérdida Estado de daño No para préstamo Biblioteca de origen Biblioteca actual Ubicación en estantería Fecha de adquisición Fuente de adquisición Total de préstamos Signatura topográfica completa Código de barras Visto por última vez Precio de reemplazo Tipo de ítem Koha
        Biblioteca del Ateneo de Madrid Biblioteca del Ateneo de Madrid Depósito 2 17/01/2008     E-308 1156114 23/02/2023 23/02/2023 Libro impreso